000 00258nam a2200109Ia 4500
008 200302s9999 xx 000 0 und d
100 _aRichard Wiles
245 _aHome Lighting Ideas
260 _bTexas By Aura Editions Ltd.
260 _c1985
300 _a72 P.,
999 _c783
_d783